[Event "Schleswig Holstein-ch U16 VM"]
[Site "Neumuenster"]
[Date "2008.03.25"]
[Round "2"]
[White "Dombrowski, Ron"]
[Black "Adamovski, Constantin"]
[Result "0-1"]
[WhiteElo "1183"]
[BlackElo "1494"]
[PlyCount "60"]
[EventDate "2008.03.24"]
[EventType "swiss"]
[EventRounds "9"]
[EventCountry "GER"]
[SourceTitle "EXT 2009"]
[Source "ChessBase"]
[SourceDate "2008.11.26"]
[SourceVersion "1"]
[SourceVersionDate "2008.11.26"]
[SourceQuality "1"]

1. e4 Nf6 2. Nc3 d5 3. e5 Nfd7 4. d4 e6 5. Nf3 c5 6. Nb5 Qb6 7. Be3 a6 8. Nc3 Qxb2 9. Ne2 Qb6 10. Nf4 Nc6 11. c3 cxd4 12. cxd4 Bb4+ 13. Bd2 Bxd2+ 14. Qxd2 Qb4 15. Nd3 Qxd2+ 16. Kxd2 Nb6 17. Nb2 0-0 18. a3 Na5 19. Kc3 Bd7 20. Bd3 Rac8+ 21. Kb4 Nc6+ 22. Kc5 Na8 23. Na4 Nxe5+ 24. Kd6 Nxd3 25. Nc5 Nxc5 26. dxc5 Rfd8 27. Rac1 Kf8 28. Ke5 f6+ 29. Kd4 Bc6 30. Rhe1 Nc7 0-1